[Event "NOR-chT Elite 2425"]
[Site "Norway"]
[Date "2025.03.08"]
[Round "8.15"]
[White "Strand, Vetle Bjorge"]
[Black "Holleland, Sigve"]
[Result "0-1"]
[WhiteElo "2180"]
[BlackElo "2196"]
[PlyCount "90"]
[EventDate "2024.10.25"]
[EventType "team-tourn"]
[EventRounds "9"]
[EventCountry "NOR"]
[SourceTitle "CB16_2025"]
[SourceDate "2025.04.16"]
[SourceVersion "1"]
[SourceVersionDate "2025.04.16"]
[SourceQuality "1"]
[WhiteTeam "Asker"]
[BlackTeam "Barum"]
[WhiteTeamCountry "NOR"]
[BlackTeamCountry "NOR"]

1. d4 Nf6 2. Nc3 d5 3. Bf4 c5 4. e4 cxd4 5. Qxd4 Nc6 6. Bb5 a6 7. Bxc6+ bxc6 8. Nf3 c5 9. Qd3 d4 10. Ne2 Bb7 11. Nd2 Nh5 12. Qf3 Nxf4 13. Nxf4 e6 14. Nd3 Qc7 15. b3 g6 16. Qe2 Bh6 17. Nc4 0-0 18. 0-0 a5 19. a4 Ba6 20. Ndb2 Bf4 21. g3 Bh6 22. Rae1 e5 23. f3 Rae8 24. Rd1 f5 25. Kg2 Bb7 26. Nd3 Rf6 27. Rde1 Ba6 28. Ndb2 Ref8 29. exf5 Rxf5 30. g4 Rxf3 31. Rxf3 Rxf3 32. Qxf3 Bb7 33. Re4 Qc6 34. Nxa5 Qxe4 35. Nxb7 Qxc2+ 36. Kh3 e4 37. Qg3 Qxb2 38. Nxc5 Qc2 39. Qe5 Qc3+ 40. Qg3 Qxc5 41. g5 Qf5+ 42. Kg2 Qxg5 43. a5 d3 44. a6 Qxg3+ 45. hxg3 Be3 0-1

[Event "NOR-chT Elite 2324"]
[Site "Norway"]
[Date "2024.03.09"]
[Round "8.36"]
[White "Mansoor, Afras"]
[Black "Strand, Vetle Bjorge"]
[Result "0-1"]
[WhiteElo "2181"]
[BlackElo "2133"]
[PlyCount "54"]
[EventDate "2023.10.27"]
[EventType "team-tourn"]
[EventRounds "9"]
[EventCountry "NOR"]
[SourceTitle "CBM 219 Extra"]
[Source "ChessBase"]
[SourceDate "2024.05.31"]
[SourceVersion "1"]
[SourceVersionDate "2024.05.31"]
[SourceQuality "1"]
[WhiteTeam "Bergens"]
[BlackTeam "Asker"]
[WhiteTeamCountry "NOR"]
[BlackTeamCountry "NOR"]

1. d4 d5 2. c4 c6 3. Nc3 Nf6 4. e3 e6 5. Nf3 Nbd7 6. Qc2 Bd6 7. Bd3 dxc4 8. Bxc4 b5 9. Bd3 Bb7 10. 0-0 0-0 11. e4 e5 12. h3 exd4 13. Nxd4 Nc5 14. Rd1 Nxd3 15. Qxd3 Be5 16. Be3 b4 17. Na4 Qa5 18. Qc2 Nxe4 19. Qxe4 Bxd4 20. Bxd4 Qxa4 21. Bxg7 Rfe8 22. Qg4 Bc8 23. Qg3 Qc2 24. Rd6 Be6 25. Bh6+ Qg6 26. Qh4 f6 27. Rd3 Qxd3 0-1

[Event "NOR-chT Elite 2324"]
[Site "Norway"]
[Date "2024.02.04"]
[Round "6.45"]
[White "Strand, Vetle Bjorge"]
[Black "Ranaldi, Lucas"]
[Result "1/2-1/2"]
[WhiteElo "2089"]
[BlackElo "2362"]
[PlyCount "150"]
[EventDate "2023.10.27"]
[EventType "team-tourn"]
[EventRounds "9"]
[EventCountry "NOR"]
[SourceTitle "CBM 219 Extra"]
[Source "ChessBase"]
[SourceDate "2024.05.31"]
[SourceVersion "1"]
[SourceVersionDate "2024.05.31"]
[SourceQuality "1"]
[WhiteTeam "Asker"]
[BlackTeam "Offerspill"]
[WhiteTeamCountry "NOR"]
[BlackTeamCountry "NOR"]

1. e4 e5 2. Nf3 Nc6 3. Bb5 a6 4. Ba4 Nf6 5. d3 b5 6. Bb3 Be7 7. a4 b4 8. a5 d6 9. Nbd2 0-0 10. 0-0 Be6 11. Nc4 Qc8 12. c3 Rb8 13. d4 exd4 14. cxd4 d5 15. Nce5 Nxe5 16. Nxe5 Qb7 17. exd5 Bxd5 18. Bxd5 Qxd5 19. Qf3 Qxf3 20. Nxf3 Nd5 21. Bd2 f6 22. Rfc1 Rb5 23. Rc6 Ra8 24. Ne1 Kf7 25. Nd3 Ke8 26. Ra4 Kd7 27. Rc4 Rab8 28. Kf1 Bd6 29. Ke2 b3 30. Ra1 g5 31. g4 Re8+ 32. Kf3 Kc8 33. h4 h6 34. Re1 Rxe1 35. Bxe1 Kd7 36. Bd2 Rb8 37. Rc1 Re8 38. h5 Rf8 39. Ke4 c6 40. Re1 f5+ 41. gxf5 Nf6+ 42. Kf3 Nxh5 43. Rh1 Ng7 44. Rxh6 Nxf5 45. Rh7+ Ke6 46. Ke4 Be7 47. Ne5 Rc8 48. Be3 Bf6 49. Ra7 Nd6+ 50. Kd3 Bxe5 51. dxe5 Kxe5 52. Rxa6 Kd5 53. Kc3 g4 54. Kxb3 Nc4 55. Bf4 Rf8 56. Bg3 Rf3+ 57. Kc2 Kc5 58. Ra8 Ne3+ 59. Kc1 Nf5 60. Rb8 Nxg3 61. fxg3 Rxg3 62. Kd2 Rg1 63. Ke2 Ra1 64. Kf2 Kd6 65. b4 Ra4 66. Kg3 Kd7 67. Kxg4 c5 68. Kf3 cxb4 69. Rb6 Ra3+ 70. Ke4 Rh3 71. Kd4 b3 72. Kc4 Kc7 73. Rxb3 Rxb3 74. Kxb3 Kb7 75. a6+ Kxa6 1/2-1/2

[Event "Fagernes op-A"]
[Site "Fagernes"]
[Date "2023.04.02"]
[Round "1"]
[White "Strand, Vetle Bjorge"]
[Black "Wallace, John Paul"]
[Result "0-1"]
[WhiteElo "2026"]
[BlackElo "2384"]
[PlyCount "70"]
[EventDate "2023.04.02"]
[EventType "swiss"]
[EventRounds "9"]
[EventCountry "NOR"]
[SourceTitle "CBM 213 Extra"]
[Source "ChessBase"]
[SourceDate "2023.05.31"]
[SourceVersion "1"]
[SourceVersionDate "2023.05.31"]
[SourceQuality "1"]

1. e4 c5 2. Nf3 e6 3. d4 cxd4 4. Nxd4 a6 5. c4 Nf6 6. Nc3 Qc7 7. a3 d6 8. f4 Be7 9. Qd3 b6 10. Be2 Nbd7 11. b4 h6 12. h4 g6 13. Bd2 Bb7 14. Rc1 Rc8 15. Qe3 Qb8 16. 0-0 h5 17. g3 Rh7 18. Rce1 Qa8 19. Bd3 Kf8 20. Qe2 Kg8 21. Rc1 Re8 22. Nf3 Bd8 23. Rfe1 Ng4 24. Rcd1 Ndf6 25. Ng5 Rg7 26. Nb1 e5 27. Nc3 b5 28. cxb5 Bb6+ 29. Kf1 axb5 30. Bxb5 Rc8 31. Rc1 Qxa3 32. Nd5 Nxd5 33. exd5 Qxg3 34. Rxc8+ Bxc8 35. Nf3 Nh2+ 0-1

[Event "NOR-ch Rapid"]
[Site "Drammen"]
[Date "2023.01.07"]
[Round "2"]
[White "Amar, Elham"]
[Black "Strand, Vetle Bjorge"]
[Result "1-0"]
[WhiteElo "2518"]
[BlackElo "1949"]
[PlyCount "119"]
[EventDate "2023.01.07"]
[EventType "swiss (rapid)"]
[EventRounds "10"]
[EventCountry "NOR"]
[SourceTitle "CBM 212 Extra"]
[Source "ChessBase"]
[SourceDate "2023.03.31"]
[SourceVersion "1"]
[SourceVersionDate "2023.03.31"]
[SourceQuality "1"]

1. d4 d5 2. Nf3 Nf6 3. Bf4 c5 4. e3 Nc6 5. Nbd2 Bf5 6. Bb5 Qb6 7. c4 e6 8. a4 a6 9. a5 Qd8 10. Bxc6+ bxc6 11. Qa4 Rc8 12. 0-0 Bd6 13. Bxd6 Qxd6 14. cxd5 exd5 15. Qa3 Nd7 16. Nb3 0-0 17. Rfc1 Qf6 18. Nxc5 Nxc5 19. Rxc5 Be4 20. Nd2 Bf5 21. Rac1 Qg6 22. Nf3 Be4 23. Ne1 Bf5 24. Qc3 Bd7 25. Qd3 Ra8 26. Qxg6 hxg6 27. Nd3 Rfb8 28. Ne5 Be8 29. Nxc6 Rxb2 30. Ne7+ Kf8 31. Nxd5 Rab8 32. Nc7 Bb5 33. h4 Ra2 34. Rb1 Rxa5 35. Nxa6 Rxa6 36. Rcxb5 Rc8 37. Rb8 Rac6 38. Rxc8+ Rxc8 39. g3 Ke7 40. Kg2 Ke6 41. Kf3 Rc2 42. Rb6+ Ke7 43. g4 Rd2 44. Rb5 Ra2 45. h5 gxh5 46. Re5+ Kd6 47. Rxh5 g6 48. Rb5 Ke6 49. g5 Rc2 50. Kg3 Re2 51. Re5+ Kd6 52. f3 Re1 53. Kf4 Rh1 54. Ke4 Rh3 55. Ra5 Rh4+ 56. f4 Rh3 57. Ra6+ Ke7 58. d5 Rg3 59. Kd4 Rf3 60. Rf6 1-0

[Event "NOR-ch Blitz"]
[Site "Drammen"]
[Date "2023.01.06"]
[Round "6"]
[White "Risting, Eivind Olav"]
[Black "Strand, Vetle Bjorge"]
[Result "1-0"]
[WhiteElo "2315"]
[BlackElo "1949"]
[PlyCount "87"]
[EventDate "2023.01.06"]
[EventType "swiss (blitz)"]
[EventRounds "9"]
[EventCountry "NOR"]
[SourceTitle "CBM 212 Extra"]
[Source "ChessBase"]
[SourceDate "2023.03.31"]
[SourceVersion "1"]
[SourceVersionDate "2023.03.31"]
[SourceQuality "1"]

1. d4 d5 2. Bg5 Nf6 3. e3 e6 4. Nd2 c5 5. c3 Nc6 6. Ngf3 Bd6 7. Bb5 0-0 8. 0-0 h6 9. Bxf6 Qxf6 10. dxc5 Bxc5 11. e4 dxe4 12. Nxe4 Qe7 13. Qe2 Bd7 14. Rfd1 Rfd8 15. Rd2 Be8 16. Rad1 Bb6 17. Nd6 a6 18. Ba4 Bc5 19. Nxe8 Qxe8 20. Rxd8 Rxd8 21. Rxd8 Qxd8 22. Bxc6 bxc6 23. g3 Qb6 24. b4 Be7 25. Ne5 c5 26. Qf3 Bf6 27. Nd7 Qd6 28. Qa8+ Kh7 29. Nf8+ Kg8 30. Nxe6+ Kh7 31. Nf8+ Kg8 32. Ne6+ Kh7 33. Nxc5 Qd1+ 34. Kg2 Bxc3 35. Qe4+ g6 36. Qf3 Qd6 37. Qxc3 Qc6+ 38. Qf3 Qc7 39. a4 Qa7 40. a5 Kg7 41. Qc3+ Kh7 42. Qf6 Qa8+ 43. Qf3 Qa7 44. Qb7 1-0

[Event "Fagernes Autumn op"]
[Site "Fagernes"]
[Date "2022.10.16"]
[Round "9"]
[White "Strand, Vetle Bjorge"]
[Black "Perkampus, Laurin"]
[Result "0-1"]
[WhiteElo "2053"]
[BlackElo "2123"]
[PlyCount "64"]
[EventDate "2022.10.09"]
[EventType "swiss"]
[EventRounds "9"]
[EventCountry "NOR"]
[SourceTitle "CBM 210 Extra"]
[Source "ChessBase"]
[SourceDate "2022.11.30"]
[SourceVersion "1"]
[SourceVersionDate "2022.11.30"]
[SourceQuality "1"]

1. d4 Nf6 2. Nc3 d5 3. Bf4 c5 4. e3 cxd4 5. exd4 Bg4 6. f3 Bd7 7. Bd3 e6 8. Nge2 Be7 9. 0-0 0-0 10. Nc1 Nc6 11. Nb3 a6 12. a4 Rc8 13. Kh1 Nh5 14. Bd2 Nb4 15. Be2 f5 16. Na2 Nxa2 17. Rxa2 f4 18. Nc5 Rxc5 19. dxc5 Bxc5 20. Be1 Ng3+ 21. Bxg3 fxg3 22. h3 Qh4 23. c4 Kh8 24. f4 e5 25. f5 Rxf5 26. Rxf5 Bxf5 27. Bf1 h5 28. b4 Be4 29. Qf3 Bxf3 30. gxf3 g2+ 31. Bxg2 Qe1+ 32. Kh2 Bg1+ 0-1

[Event "Fagernes Autumn op"]
[Site "Fagernes"]
[Date "2022.10.14"]
[Round "7"]
[White "Strand, Vetle Bjorge"]
[Black "Welling, Gerard J"]
[Result "1/2-1/2"]
[WhiteElo "2053"]
[BlackElo "2272"]
[PlyCount "69"]
[EventDate "2022.10.09"]
[EventType "swiss"]
[EventRounds "9"]
[EventCountry "NOR"]
[SourceTitle "CBM 210 Extra"]
[Source "ChessBase"]
[SourceDate "2022.11.30"]
[SourceVersion "1"]
[SourceVersionDate "2022.11.30"]
[SourceQuality "1"]

1. d4 g6 2. e4 Bg7 3. Nf3 d6 4. Nc3 a6 5. a4 b6 6. h4 h6 7. h5 g5 8. Bc4 e6 9. d5 Bxc3+ 10. bxc3 e5 11. Nd2 Nd7 12. g4 Ngf6 13. f3 Nc5 14. Nf1 Bd7 15. Bb3 0-0 16. Be3 Qe7 17. Ng3 Rfb8 18. Qe2 Kh7 19. 0-0 a5 20. c4 Kg8 21. Kg2 Nh7 22. Rfd1 f6 23. Qd2 Qe8 24. Bxc5 bxc5 25. Ra2 Nf8 26. Ne2 Bc8 27. Nc3 Nd7 28. Nb5 Rb7 29. Qd3 Nb6 30. Nc3 Bd7 31. Kg1 Rbb8 32. Kg2 Rb7 33. Kg1 Rbb8 34. Kg2 Rb7 35. Kg1 1/2-1/2

[Event "NOR-ch U12"]
[Site "Larvik"]
[Date "2019.07.09"]
[Round "5"]
[White "Strand, Vetle Bjorge"]
[Black "Torfoss, Sivert Schanche"]
[Result "1-0"]
[WhiteElo "1765"]
[BlackElo "1179"]
[PlyCount "45"]
[EventDate "2019.07.05"]
[EventType "swiss"]
[EventRounds "9"]
[EventCountry "NOR"]
[SourceTitle "EXT 2024"]
[Source "ChessBase"]
[SourceDate "2023.10.10"]
[SourceVersion "1"]
[SourceVersionDate "2023.10.10"]
[SourceQuality "1"]

1. d4 d5 2. c4 c6 3. Nc3 Nf6 4. Bf4 Bf5 5. Nf3 e6 6. e3 Ne4 7. Qb3 Qb6 8. c5 Qxb3 9. axb3 Nd7 10. b4 Be7 11. Be2 0-0 12. 0-0 b5 13. Ra6 Rfc8 14. Rfa1 Ndf6 15. Rxa7 Rxa7 16. Rxa7 Bd8 17. Ne5 h6 18. Nxf7 g5 19. Nxh6+ Kf8 20. Nxe4 Nxe4 21. Bd6+ Nxd6 22. cxd6 Bf6 23. Rf7+ 1-0